Statistics for Fun Quiz

Click here to take the quiz!

General Stats

  • This quiz has been taken 3 times
  • The average score is 3 of 8

Answer Stats

HintAnswer% Correct
there is a knock off of this game called forknife and a famous streamer named ninja plays itFortnite
100%
This game reached over 1 trillion views on youtubeMinecraft
100%
Im super boring and also fun at times also a 3 month break what am i?School
67%
I’m always in front of you but you can never see me. What am I?The future
33%
How much money has spider-man no way home made in the box office in USD1.893 billion
0%
What word is pronounced the same if you take away four of it’s five letters?Queue
0%
What word looks the same backwards and upside down?Swims
0%
I can be written, I can be spoken, I can be exposed, I can be broken. What am I?The News
0%

Score Distribution

Percentile by Number Answered

Percent of People with Each Score

Your Score History

You have not taken this quiz